Obras históricas (Record no. 87404)

MARC details
000 -LEADER
fixed length control field 00442cam a2200157 4500
005 - DATE AND TIME OF LATEST TRANSACTION
control field 20190312104731.0
008 - FIXED-LENGTH DATA ELEMENTS--GENERAL INFORMATION
fixed length control field 190312b cr ||||| |||| 00| 0 spa d
050 04 - LIBRARY OF CONGRESS CALL NUMBER
Classification number F1541.6
Item number G66 1958
100 1# - MAIN ENTRY--PERSONAL NAME
Personal name González Viquez, Cleto
245 10 - TITLE STATEMENT
Title Obras históricas
Statement of responsibility, etc / Cleto González Viquez.
250 ## - EDITION STATEMENT
Edition statement 1a. ed.
260 ## - PUBLICATION, DISTRIBUTION, ETC. (IMPRINT)
Place of publication, distribution, etc Costa Rica :
Name of publisher, distributor, etc Atenea,
Date of publication, distribution, etc 1958
300 ## - PHYSICAL DESCRIPTION
Extent v. ;
Dimensions 23 cm.
440 #0 - SERIES STATEMENT/ADDED ENTRY--TITLE
Title Sección historia ;
Volume number/sequential designation no.3
651 #7 - SUBJECT ADDED ENTRY--GEOGRAPHIC NAME
Source of heading or term lemb
Geographic name Costa Rica
General subdivision Historía
942 ## - ADDED ENTRY ELEMENTS (KOHA)
Source of classification or shelving scheme Biblioteca del Cogreso de los Estados Unidos
Koha item type Libro
Holdings
Estado de pérdida Fuente de clasificación Estado del daño No para préstamo Ubicación permanente Ubicación actual Apartado o colección Fecha de adquisición Edición Enumeración de Serie / Cronológica Dependencia de educación superior (DES) Área del conocimiento Clasificación Código de Barras Date last seen Número de copia Tipo de recurso
  Biblioteca del Cogreso de los Estados Unidos     Biblioteca de la Unidad de Ciencias Ingeniería y Humanidades Biblioteca de la Unidad de Ciencias Ingeniería y Humanidades General 12/03/2019 1a. ed. T.1 Humanidades Educación y Humanidades F1541.6 G66 1958 BCU000006056 12/03/2019 1 Libro